000 01168cam a2200313 4500
008 011015n2001 000 0 eng u
020 _a1842190768
035 _a(Sirsi) u115108
050 _a526.909531
100 _aKavanagh, J.
245 _aMapping the refugee camps in Gaza : the surveyor in a political environment
260 _aLondon
_bRICS Foundation
_c2001
300 _aiv,16p.
_bill.
_c30cm.
490 _aRICS Foundation Our Common Estate Series
520 _aExplores the political factors affecting surveying and mapping to assist the physical settlement of refugee populations, based upon the field experience of one of the authors, and the relationship to local land codes and disputed land rights.
650 _aGAZA STRIP
650 _aGLOBAL POSITIONING SYSTEMS
650 _aGPS
650 _aLAND LAW
650 _aLAND MANAGEMENT
650 _aLAND SURVEYING
650 _aMAPPING
650 _aREFUGEES
650 _aREMOTE SENSING
690 _aGEOMATICS
_96242
700 _aHome, R.
856 _uhttps://www.rics.org/Global/Downloads/MappingRefugeeCampsGaza200110.pdf
_zView the item at www.rics.org
942 _n0
999 _c101702
_d101702